000 00513nam a2200157 i 4500
001 70749
003 ES-MaACL
005 20230906170918.0
007 t|
008 040802s1911 sp ||||1| spa d
100 1 _aGarnelo y Alda, José.
_955592
245 1 0 _aEscala gráfica y compás de inclinación
_b: memoria presentada al Congreso Artístico Internacional de Roma, 1911 /
_cJosé Garnelo y Alda.
260 _a[S.l. :
_bs.n.,
_c1911]
300 _a21 p. :
_bil. ;
_c27 cm.
852 _aES-MaACL
_jT-1259-F-6
999 _c70749
_d70749